000 00693nam a2200241Ia 4500
003 OSt
005 20220923211823.0
006 a|||||r|||| 00| 0
007 ta
008 220922b |||||||| |||| 00| 0 san d
024 _a58,977
037 _cTextual
040 _aARTS
_cARTS
_bsan
041 _2san
_asan
082 _aQ131:24, 152K6
100 _aशांकरभाष्य्
_9156945
245 0 _aछान्दोग्योपनिषद्
246 _aChhāndoiyopaniṣhad
260 _c1966
650 _aभारतीय दर्शन
942 _hQ131:24, 152K6
_cTEXL
_2CC
999 _c303985
_d303985